[Event "Titled Tuesday intern op 12th Sep Late"]
[Site "Chess.com INT"]
[Date "2023.09.12"]
[Round "3"]
[White "Martin Carmona, Gaston Manuel"]
[Black "Garayev, Kanan Farzali Oglu"]
[Result "1/2-1/2"]
[WhiteElo "2371"]
[BlackElo "2356"]
[PlyCount "132"]
[EventDate "2023.09.12"]
[EventType "swiss (blitz)"]
[EventRounds "11"]
[EventCountry "USA"]
[SourceTitle "EXT 2024"]
[Source "ChessBase"]
[SourceDate "2023.10.10"]
[SourceVersion "1"]
[SourceVersionDate "2023.10.10"]
[SourceQuality "1"]

1. d4 d5 2. c4 e6 3. Nc3 c5 4. cxd5 exd5 5. Nf3 Nc6 6. dxc5 d4 7. Na4 Bxc5 8. Nxc5 Qa5+ 9. Bd2 Qxc5 10. Rc1 Qe7 11. e3 Nf6 12. Bc4 dxe3 13. Bxe3 Ng4 14. 0-0 Nxe3 15. fxe3 0-0 16. Qe2 Be6 17. Rfd1 Rfe8 18. Bb5 Bxa2 19. Rxc6 bxc6 20. Bxc6 Rac8 21. Bxe8 Rxe8 22. h3 h6 23. e4 Qxe4 24. Qxe4 Rxe4 25. Ra1 Bd5 26. Rxa7 Re2 27. b4 Rb2 28. Rd7 Bxf3 29. gxf3 Rxb4 30. Kf2 h5 31. Rd6 g6 32. Ra6 Kg7 33. Kg2 h4 34. Kf2 Rb2+ 35. Kg1 f6 36. Ra4 g5 37. Re4 Kg6 38. Ra4 Rc2 39. Ra5 Re2 40. Rb5 Re5 41. Rxe5 fxe5 42. Kf2 Kf6 43. Ke3 Kf5 44. Ke2 Kf4 45. Kf2 e4 46. fxe4 Kxe4 47. Ke2 Kd4 48. Kf3 Ke5 49. Ke3 Kd5 50. Kf3 Ke6 51. Ke4 Kf6 52. Ke3 Ke5 53. Kf3 Kf5 54. Ke3 Kg6 55. Kf3 Kf6 56. Ke4 Ke6 57. Kf3 Ke5 58. Kg4 Kf6 59. Kf3 Kf5 60. Ke3 g4 61. hxg4+ Kxg4 62. Kf2 Kh3 63. Kg1 Kg3 64. Kh1 h3 65. Kg1 h2+ 66. Kh1 Kh3 1/2-1/2

[Event "Titled Tuesday intern op 22nd Aug Early"]
[Site "Chess.com INT"]
[Date "2023.08.22"]
[Round "7"]
[White "Martin Carmona, Gaston Manuel"]
[Black "Khromkin, Andrey"]
[Result "1-0"]
[WhiteElo "2363"]
[BlackElo "2191"]
[PlyCount "63"]
[EventDate "2023.08.22"]
[EventType "swiss (blitz)"]
[EventRounds "11"]
[EventCountry "USA"]
[SourceTitle "EXT 2024"]
[Source "ChessBase"]
[SourceDate "2023.10.10"]
[SourceVersion "1"]
[SourceVersionDate "2023.10.10"]
[SourceQuality "1"]

1. Nf3 c5 2. c4 Nc6 3. Nc3 g6 4. g3 Bg7 5. Bg2 a6 6. 0-0 Rb8 7. e3 d6 8. d4 cxd4 9. exd4 Bg4 10. Be3 Nh6 11. Bxh6 Bxh6 12. h3 Bxf3 13. Bxf3 Bg7 14. d5 Ne5 15. Be2 Rc8 16. Qb3 Qd7 17. Kg2 g5 18. Ne4 h6 19. Rae1 f5 20. Nc3 f4 21. Bh5+ Kf8 22. Re4 Qf5 23. Qxb7 Bf6 24. Rxe5 Bxe5 25. Bg4 f3+ 26. Kh1 Qd3 27. Kg1 Kf7 28. Bxc8 Qd4 29. Be6+ Kf6 30. Re1 Bxg3 31. Ne4+ Kg6 32. Bf5+ 1-0

[Event "Titled Tuesday intern op 22nd Aug Early"]
[Site "Chess.com INT"]
[Date "2023.08.22"]
[Round "10"]
[White "Morales Garcia, Sergio Joshafatt"]
[Black "Martin Carmona, Gaston Manuel"]
[Result "1-0"]
[WhiteElo "2221"]
[BlackElo "2363"]
[PlyCount "117"]
[EventDate "2023.08.22"]
[EventType "swiss (blitz)"]
[EventRounds "11"]
[EventCountry "USA"]
[SourceTitle "EXT 2024"]
[Source "ChessBase"]
[SourceDate "2023.10.10"]
[SourceVersion "1"]
[SourceVersionDate "2023.10.10"]
[SourceQuality "1"]

1. d4 Nf6 2. c4 g6 3. Nc3 Bg7 4. e4 d6 5. Nf3 0-0 6. Be2 e5 7. Be3 exd4 8. Nxd4 Re8 9. f3 c6 10. Bf2 Nh5 11. Qd2 Na6 12. 0-0 Nc5 13. b4 Ne6 14. Nxe6 Bxe6 15. Rad1 Bxc3 16. Qxc3 Qg5 17. Be3 Nf4 18. Bxf4 Qxf4 19. Qd2 Qxd2 20. Rxd2 d5 21. cxd5 cxd5 22. Bb5 Red8 23. Rfd1 d4 24. a3 Rac8 25. Rxd4 Rxd4 26. Rxd4 Rc3 27. a4 Rc2 28. h3 g5 29. Kh2 h5 30. Bd7 Rb2 31. Bxe6 fxe6 32. h4 gxh4 33. Kh3 e5 34. Rc4 b6 35. b5 Ra2 36. Kxh4 Rxg2 37. Rc7 Rh2+ 38. Kg3 Ra2 39. Rxa7 Kf8 40. Kh4 Ke8 41. Kxh5 Kd8 42. Kg4 Ra3 43. Ra6 Kc7 44. Ra7+ Kd6 45. Rb7 Kc5 46. Re7 Kd6 47. Rb7 Kc5 48. Rc7+ Kb4 49. Re7 Kxa4 50. Rxe5 Ra1 51. f4 Rg1+ 52. Kf5 Kb4 53. Ke6 Rg6+ 54. Kf7 Rg4 55. f5 Kc4 56. f6 Kd4 57. Re6 Kc5 58. Ke7 Kxb5 59. f7 1-0

[Event "Titled Tuesday intern op 22nd Aug Early"]
[Site "Chess.com INT"]
[Date "2023.08.22"]
[Round "6"]
[White "Weetik, Vjacheslav"]
[Black "Martin Carmona, Gaston Manuel"]
[Result "1-0"]
[WhiteElo "2423"]
[BlackElo "2363"]
[PlyCount "91"]
[EventDate "2023.08.22"]
[EventType "swiss (blitz)"]
[EventRounds "11"]
[EventCountry "USA"]
[SourceTitle "EXT 2024"]
[Source "ChessBase"]
[SourceDate "2023.10.10"]
[SourceVersion "1"]
[SourceVersionDate "2023.10.10"]
[SourceQuality "1"]

1. d4 Nf6 2. Bf4 d5 3. e3 e6 4. Nd2 Bd6 5. Ngf3 c5 6. c3 Qc7 7. Bxd6 Qxd6 8. Qa4+ Nbd7 9. Be2 0-0 10. 0-0 e5 11. dxe5 Nxe5 12. Qf4 Nxf3+ 13. Nxf3 Qxf4 14. exf4 Bf5 15. Rfe1 Rfe8 16. Bb5 Rxe1+ 17. Rxe1 a6 18. Ba4 b5 19. Bb3 Kf8 20. Ne5 Re8 21. f3 h5 22. Kf2 Rd8 23. Re2 c4 24. Bd1 Rd6 25. Rd2 Bb1 26. a3 Ne8 27. Bc2 Bxc2 28. Rxc2 f6 29. Ng6+ Kf7 30. f5 Rd7 31. Rd2 Nc7 32. h4 Ke8 33. Nf4 Kd8 34. Nxh5 Re7 35. Nf4 Re5 36. g4 Kd7 37. Ng6 Re8 38. f4 Kd6 39. g5 Kc5 40. h5 fxg5 41. fxg5 Re4 42. h6 gxh6 43. gxh6 Re8 44. h7 a5 45. f6 Rh8 46. Nxh8 1-0

[Event "Titled Tuesday intern op 11th Apr Late"]
[Site "Chess.com INT"]
[Date "2023.04.11"]
[Round "4"]
[White "Martin Carmona, Gaston Manuel"]
[Black "Baskakov, Egor"]
[Result "0-1"]
[WhiteElo "2333"]
[BlackElo "2215"]
[PlyCount "142"]
[EventDate "2023.04.11"]
[EventType "swiss (blitz)"]
[EventRounds "11"]
[EventCountry "USA"]
[SourceTitle "CBM 213 Extra"]
[Source "ChessBase"]
[SourceDate "2023.05.31"]
[SourceVersion "1"]
[SourceVersionDate "2023.05.31"]
[SourceQuality "1"]

1. e4 c5 2. Nf3 Nf6 3. e5 Nd5 4. Nc3 e6 5. Nxd5 exd5 6. d4 Nc6 7. dxc5 Bxc5 8. Qxd5 d6 9. Bc4 Be6 10. Qd3 Bxc4 11. Qxc4 Qb6 12. 0-0 Nxe5 13. Nxe5 dxe5 14. a4 0-0 15. a5 Qc6 16. b3 Rac8 17. a6 b5 18. Qe2 Bd4 19. Ra2 Rfd8 20. Be3 f6 21. h4 Qc5 22. h5 b4 23. h6 g6 24. Qg4 f5 25. Qg5 Kf7 26. Bxd4 Rxd4 27. Re1 e4 28. Qe3 Qc3 29. Qe2 Qd2 30. Qf1 Rd7 31. Rea1 Qxh6 32. Qb5 Qd2 33. c4 Qd6 34. Rc1 Rcc7 35. c5 Qf4 36. Qc4+ Kg7 37. Rac2 Qe5 38. Qxb4 e3 39. Qc3 exf2+ 40. Kxf2 Rd4 41. b4 Kh6 42. Qh3+ Kg5 43. Qc3 Rf4+ 44. Kg1 Qxc3 45. Rxc3 Rxb4 46. Rd1 Rb5 47. c6 Rb6 48. Rd7 Rcxc6 49. Rxc6 Rxc6 50. Rxa7 h5 51. Ra8 Rc1+ 52. Kf2 Rc2+ 53. Kg1 Ra2 54. a7 h4 55. Kh2 f4 56. Kh3 Ra3+ 57. Kh2 Ra1 58. Rb8 Rxa7 59. Rb5+ Kg4 60. Rb6 g5 61. Rb3 Ra2 62. Rf3 Re2 63. Rh3 Re3 64. Rxe3 fxe3 65. Kg1 Kg3 66. Kf1 h3 67. gxh3 Kxh3 68. Ke2 g4 69. Kxe3 g3 70. Kf3 g2 71. Kf2 Kh2 0-1

[Event "Alicante Easter op 7th"]
[Site "La Nucia"]
[Date "2023.04.09"]
[Round "8"]
[White "Cuenca Jimenez, Jose Fernando"]
[Black "Martin Carmona, Gaston Manuel"]
[Result "1-0"]
[WhiteElo "2553"]
[BlackElo "2333"]
[PlyCount "107"]
[EventDate "2023.04.05"]
[EventType "swiss"]
[EventRounds "9"]
[EventCountry "ESP"]
[SourceTitle "CBM 213 Extra"]
[Source "ChessBase"]
[SourceDate "2023.05.31"]
[SourceVersion "1"]
[SourceVersionDate "2023.05.31"]
[SourceQuality "1"]

1. d4 Nf6 2. c4 g6 3. Nc3 d5 4. cxd5 Nxd5 5. e4 Nxc3 6. bxc3 Bg7 7. Nf3 c5 8. Be3 Qa5 9. Qd2 0-0 10. Rc1 Bg4 11. d5 b5 12. Be2 Nd7 13. h3 Bxf3 14. Bxf3 c4 15. 0-0 Qc7 16. Bd1 Nc5 17. Bc2 Rfd8 18. Bg5 Rd7 19. Qe3 e6 20. Rfd1 Re8 21. Bf4 e5 22. Bg5 Qd6 23. Qe2 Qa6 24. Rb1 Bf8 25. Qd2 Qa5 26. Be3 a6 27. a4 Ra8 28. axb5 axb5 29. Rb2 Na4 30. Ra2 Rb8 31. Rda1 Qxc3 32. Bxa4 Qxd2 33. Bxd2 bxa4 34. Rxa4 Rc8 35. Rc1 Rdc7 36. Bc3 f6 37. Kf1 Kf7 38. Rb1 Bd6 39. Ke2 Ke7 40. Rb6 Bc5 41. Re6+ Kf7 42. Rxc4 Bxf2 43. Rxc7+ Rxc7 44. Bxe5 Rc2+ 45. Kd3 Ra2 46. Rxf6+ Ke8 47. Bc3 Bh4 48. Rb6 Rxg2 49. Rb8+ Kf7 50. Rb7+ Ke8 51. Rxh7 Rg3+ 52. Kc4 Be7 53. e5 Bf8 54. d6 1-0

[Event "Titled Tuesday intern op 7th Mar Late"]
[Site "Chess.com INT"]
[Date "2023.03.07"]
[Round "6"]
[White "Gonzalez, Francisco Silva"]
[Black "Martin Carmona, Gaston Manuel"]
[Result "1-0"]
[WhiteElo "2021"]
[BlackElo "2317"]
[PlyCount "103"]
[EventDate "2023.03.07"]
[EventType "swiss (blitz)"]
[EventRounds "11"]
[EventCountry "USA"]
[SourceTitle "EXT 2024"]
[Source "ChessBase"]
[SourceDate "2023.10.10"]
[SourceVersion "1"]
[SourceVersionDate "2023.10.10"]
[SourceQuality "1"]

1. d4 Nf6 2. c4 e6 3. Nc3 c5 4. d5 exd5 5. cxd5 g6 6. Nf3 Bg7 7. Bf4 0-0 8. h3 Re8 9. e3 b5 10. Bxb5 Qa5 11. 0-0 Ne4 12. Nxe4 Rxe4 13. Bd3 Re8 14. b3 Ba6 15. Bxa6 Qxa6 16. Rc1 d6 17. Qc2 Nd7 18. Qc4 Qb6 19. Rb1 a5 20. a3 Rab8 21. Rfe1 Nf6 22. e4 Nd7 23. Be3 Qb5 24. Qc2 h6 25. Nd2 Ne5 26. Nc4 h5 27. Nxd6 Qd3 28. Qxd3 Nxd3 29. Red1 Nb2 30. Rdc1 Red8 31. Nc4 Nd3 32. Rd1 Ne5 33. Nxa5 Ra8 34. b4 c4 35. f4 Nd3 36. Nxc4 Rac8 37. Nb6 Rc3 38. a4 Nxb4 39. Rxb4 Rxe3 40. d6 Bc3 41. Rc4 Ba5 42. Nd5 Ra3 43. e5 Kf8 44. Nf6 Bb6+ 45. Kh1 h4 46. Rdc1 Bf2 47. Rc8 Rxc8 48. Rxc8+ Kg7 49. Rg8+ Kh6 50. Ng4+ Kh7 51. Nxf2 Kxg8 52. d7 1-0

[Event "Titled Tuesday intern op 7th Mar Late"]
[Site "Chess.com INT"]
[Date "2023.03.07"]
[Round "5"]
[White "Martin Carmona, Gaston Manuel"]
[Black "Iliaguev, Nisim"]
[Result "0-1"]
[WhiteElo "2317"]
[BlackElo "2412"]
[PlyCount "106"]
[EventDate "2023.03.07"]
[EventType "swiss (blitz)"]
[EventRounds "11"]
[EventCountry "USA"]
[SourceTitle "EXT 2024"]
[Source "ChessBase"]
[SourceDate "2023.10.10"]
[SourceVersion "1"]
[SourceVersionDate "2023.10.10"]
[SourceQuality "1"]

1. d4 Nf6 2. c4 e6 3. Nc3 Bb4 4. Qc2 c6 5. e4 d5 6. e5 Nfd7 7. Bd3 dxc4 8. Bxc4 Nb6 9. Bd3 Qxd4 10. Nf3 Qd8 11. Bg5 Be7 12. h4 h6 13. Bxe7 Qxe7 14. 0-0-0 N8d7 15. Ne4 0-0 16. g4 Nd5 17. g5 h5 18. Nf6+ gxf6 19. gxf6 N7xf6 20. exf6 Qxf6 21. Rhg1+ Kh8 22. Ng5 e5 23. Qe2 Bg4 24. Rxg4 hxg4 25. Kb1 Nf4 26. Qxg4 Rad8 27. Qf3 Rxd3 28. Rxd3 Qg6 29. Ne4 Nxd3 30. Qxd3 Kg7 31. a3 f5 32. Nc5 Rf7 33. Qc3 Qd6 34. h5 Qd1+ 35. Ka2 Qd5+ 36. Ka1 Kh6 37. Nd3 Rg7 38. b3 Qd4 39. Kb2 Qxc3+ 40. Kxc3 e4 41. Nf4 Rd7 42. a4 Kg5 43. Ne6+ Kxh5 44. Nc5 Re7 45. Kd4 Kg4 46. a5 a6 47. Ke3 f4+ 48. Ke2 e3 49. f3+ Kf5 50. b4 Ke5 51. Kd3 Kd5 52. Ne4 Rxe4 53. fxe4+ Ke5 0-1

[Event "Titled Tuesday intern op 7th Mar Late"]
[Site "Chess.com INT"]
[Date "2023.03.07"]
[Round "3"]
[White "Martin Carmona, Gaston Manuel"]
[Black "Seletsky, Grigory"]
[Result "1/2-1/2"]
[WhiteElo "2317"]
[BlackElo "2279"]
[PlyCount "206"]
[EventDate "2023.03.07"]
[EventType "swiss (blitz)"]
[EventRounds "11"]
[EventCountry "USA"]
[SourceTitle "EXT 2024"]
[Source "ChessBase"]
[SourceDate "2023.10.10"]
[SourceVersion "1"]
[SourceVersionDate "2023.10.10"]
[SourceQuality "1"]

1. d4 d6 2. e4 e5 3. Nf3 Nc6 4. Bb5 exd4 5. Nxd4 Bd7 6. Nc3 Nf6 7. 0-0 Be7 8. Bxc6 bxc6 9. Nf5 Bxf5 10. exf5 0-0 11. b3 d5 12. Bb2 Bd6 13. Qf3 Qd7 14. Rad1 Rfe8 15. g4 h6 16. h4 Ne4 17. Nxe4 Rxe4 18. c4 Rae8 19. cxd5 cxd5 20. Kg2 c6 21. Rd4 c5 22. Rxd5 Qe7 23. Rfd1 Rf4 24. Qe3 Rxg4+ 25. Kf1 Qf8 26. Qf3 Rf4 27. Qg3 Bb8 28. Qg2 Rxh4 29. Rd8 Rd4 30. R1xd4 cxd4 31. Rxd4 Be5 32. Rd2 Bxb2 33. Rxb2 Qd6 34. Qf3 Rc8 35. Kg2 Qf6 36. Re2 Rc3 37. Qg4 Qg5 38. Qxg5 hxg5 39. Re7 a5 40. Re5 a4 41. bxa4 Ra3 42. Ra5 Rxa2 43. Ra8+ Kh7 44. a5 f6 45. a6 g6 46. fxg6+ Kxg6 47. a7 Kg7 48. Kf3 Ra4 49. Ke3 Kh7 50. Kd3 Kg7 51. Kc3 Ra2 52. Kb3 Ra6 53. Kb4 Ra1 54. Kc5 Rb1 55. Kd6 Ra1 56. Ke6 Ra6+ 57. Kf5 Ra2 58. Ke6 Ra6+ 59. Kd7 Ra1 60. Kc6 Ra2 61. Kb6 Rb2+ 62. Kc5 Ra2 63. Kd4 Ra1 64. Ke3 Ra2 65. Ke4 Ra1 66. f3 Ra4+ 67. Kf5 Ra5+ 68. Ke6 Ra6+ 69. Ke7 Ra1 70. Ke8 Ra3 71. Kd8 Ra1 72. Kc7 Ra2 73. Kb7 Rb2+ 74. Kc6 Ra2 75. Kd5 Ra1 76. Ke4 Ra2 77. Ke3 Ra1 78. Kf2 Ra2+ 79. Kg3 Ra3 80. Kg4 Ra4+ 81. Kg3 Ra5 82. Kg2 Ra4 83. Kf1 Ra5 84. Ke2 Ra4 85. Ke3 Ra5 86. Kd4 Ra4+ 87. Kc3 Ra1 88. Kb2 Ra6 89. Kb3 Ra5 90. Kb4 Ra1 91. Kb5 Ra2 92. Kc6 Ra3 93. Kd6 Ra6+ 94. Ke7 Ra3 95. Ke6 Ra2 96. Kf5 Ra3 97. Kg4 Ra4+ 98. Kg3 Ra3 99. Kg2 Ra4 100. Kf2 Ra3 101. Kg3 Ra4 102. Kh3 Ra3 103. Kg2 Ra4 1/2-1/2

[Event "Titled Tuesday intern op 28th Feb Late"]
[Site "Chess.com INT"]
[Date "2023.02.28"]
[Round "2"]
[White "Martin Carmona, Gaston Manuel"]
[Black "Gabr, Mohsen"]
[Result "1-0"]
[WhiteElo "2345"]
[BlackElo "2208"]
[PlyCount "75"]
[EventDate "2023.02.28"]
[EventType "swiss (blitz)"]
[EventRounds "11"]
[EventCountry "USA"]
[SourceTitle "CBM 213 Extra"]
[Source "ChessBase"]
[SourceDate "2023.05.31"]
[SourceVersion "1"]
[SourceVersionDate "2023.05.31"]
[SourceQuality "1"]

1. Nf3 d5 2. d4 Nc6 3. e3 Bf5 4. Be2 e6 5. 0-0 Nf6 6. Nh4 Be4 7. Nd2 Bd6 8. c4 0-0 9. c5 Be7 10. Nxe4 dxe4 11. g3 Nd5 12. Ng2 f5 13. Bc4 g5 14. a3 a5 15. Qb3 Ra7 16. Bd2 a4 17. Qc2 Qd7 18. f3 exf3 19. Rxf3 Kg7 20. Raf1 Bf6 21. Bc3 Qe7 22. Bxd5 exd5 23. Rxf5 Qe6 24. e4 Bxd4+ 25. Bxd4+ Nxd4 26. Rxg5+ Kh6 27. Qd2 Rxf1+ 28. Kxf1 Nf3 29. Qf4 Nxg5 30. Qh4+ Kg7 31. Qxg5+ Kf8 32. exd5 Qe7 33. Qh6+ Qg7 34. Qd2 Ra8 35. Nf4 Kg8 36. d6 Rd8 37. Qd5+ Qf7 38. Qg5+ 1-0

[Event "Titled Tuesday intern op 28th Feb Early"]
[Site "Chess.com INT"]
[Date "2023.02.28"]
[Round "5"]
[White "Martin Carmona, Gaston Manuel"]
[Black "Prieto Aranguren, Alain"]
[Result "0-1"]
[WhiteElo "2345"]
[BlackElo "2268"]
[PlyCount "94"]
[EventDate "2023.02.28"]
[EventType "swiss (blitz)"]
[EventRounds "11"]
[EventCountry "USA"]
[SourceTitle "CBM 213 Extra"]
[Source "ChessBase"]
[SourceDate "2023.05.31"]
[SourceVersion "1"]
[SourceVersionDate "2023.05.31"]
[SourceQuality "1"]

1. Nf3 g6 2. c4 Bg7 3. Nc3 d6 4. d4 Nd7 5. g3 e5 6. Bg2 Ne7 7. 0-0 0-0 8. b3 exd4 9. Nxd4 c5 10. Ndb5 a6 11. Nxd6 Bxc3 12. Bh6 Bg7 13. Bxg7 Kxg7 14. Nxb7 Bxb7 15. Bxb7 Ra7 16. Bg2 Nf6 17. Qc1 Nf5 18. Rd1 Rd7 19. Rxd7 Qxd7 20. Qa3 Qd6 21. e3 Rd8 22. h3 Nxg3 23. fxg3 Qxg3 24. Qb2 Qxe3+ 25. Qf2 Qg5 26. Re1 Rd2 27. Re2 Rd1+ 28. Re1 Rd2 29. Re2 Rxe2 30. Qxe2 h5 31. Qb2 h4 32. b4 Qe3+ 33. Kh1 Qe1+ 34. Kh2 Qg3+ 35. Kg1 Qe1+ 36. Kh2 Qxb4 37. Qxb4 cxb4 38. c5 Ne8 39. Bb7 a5 40. Kg2 Kf6 41. Kf3 Ke5 42. Kg4 a4 43. Bc6 b3 44. axb3 a3 45. Bxe8 a2 46. c6 a1Q 47. c7 Qc1 0-1

[Event "Titled Tuesday intern op 28th Feb Early"]
[Site "Chess.com INT"]
[Date "2023.02.28"]
[Round "11"]
[White "Martin Carmona, Gaston Manuel"]
[Black "Sliwicki, Damian"]
[Result "1-0"]
[WhiteElo "2345"]
[BlackElo "2158"]
[PlyCount "77"]
[EventDate "2023.02.28"]
[EventType "swiss (blitz)"]
[EventRounds "11"]
[EventCountry "USA"]
[SourceTitle "CBM 213 Extra"]
[Source "ChessBase"]
[SourceDate "2023.05.31"]
[SourceVersion "1"]
[SourceVersionDate "2023.05.31"]
[SourceQuality "1"]

1. Nf3 g6 2. d4 Bg7 3. c4 c5 4. d5 e5 5. e4 d6 6. h3 Ne7 7. Nc3 0-0 8. Bd3 f5 9. 0-0 f4 10. Rb1 h6 11. a3 g5 12. Nh2 Ng6 13. Be2 Nd7 14. Bg4 Nf6 15. Bxc8 Qxc8 16. f3 Nh5 17. Bd2 Kh7 18. Rc1 Ng3 19. Rf2 b6 20. Nb5 Qd7 21. b4 a6 22. Nc3 cxb4 23. axb4 Rfc8 24. Na4 Rab8 25. c5 bxc5 26. bxc5 dxc5 27. Nxc5 Qb5 28. Ne6 Qd3 29. Rxc8 Rxc8 30. Nf1 Bf6 31. Qe1 Be7 32. Bb4 Rc2 33. Rxc2 Bxb4 34. Rc7+ Kh8 35. Rc8+ Kh7 36. Rc7+ Kg8 37. Qa1 Bd6 38. Rg7+ Kh8 39. Rxg6 1-0

[Event "Titled Tuesday intern op 28th Feb Early"]
[Site "Chess.com INT"]
[Date "2023.02.28"]
[Round "7"]
[White "Martin Carmona, Gaston Manuel"]
[Black "Tologontegin, Semetey"]
[Result "1-0"]
[WhiteElo "2345"]
[BlackElo "2394"]
[PlyCount "103"]
[EventDate "2023.02.28"]
[EventType "swiss (blitz)"]
[EventRounds "11"]
[EventCountry "USA"]
[SourceTitle "CBM 213 Extra"]
[Source "ChessBase"]
[SourceDate "2023.05.31"]
[SourceVersion "1"]
[SourceVersionDate "2023.05.31"]
[SourceQuality "1"]

1. d4 d5 2. c4 c6 3. cxd5 cxd5 4. Nc3 Nf6 5. Bf4 Nc6 6. e3 a6 7. Rc1 Bf5 8. Qb3 Na5 9. Qa4+ Bd7 10. Qd1 Rc8 11. Bd3 b5 12. b3 e6 13. Nge2 Ba3 14. Rc2 Nc6 15. Rd2 0-0 16. 0-0 Qa5 17. Bg5 Be7 18. Bb1 Nb4 19. e4 dxe4 20. Nxe4 Nxe4 21. Bxe7 Nxd2 22. Qxd2 Nc6 23. b4 Qa3 24. Bxf8 Kxf8 25. d5 Qxb4 26. Qg5 h6 27. Qh5 exd5 28. Qxd5 Be6 29. Qf3 Nd4 30. Nxd4 Qxd4 31. h3 Qc3 32. Qb7 Qc6 33. Qa7 Ra8 34. Qe3 Bc4 35. Be4 Bd5 36. Rc1 Qxc1+ 37. Qxc1 Bxe4 38. Qd2 Kg8 39. Qf4 Re8 40. Qd6 Re6 41. Qd8+ Kh7 42. f3 Bg6 43. Qd4 Rc6 44. Kh2 Rc4 45. Qd2 Ra4 46. Qb2 Bd3 47. g4 Bc4 48. a3 Bd3 49. Qc3 Bg6 50. Kg3 Rc4 51. Qb2 Ra4 52. h4 1-0

[Event "Titled Tuesday intern op 31st Jan Early"]
[Site "Chess.com INT"]
[Date "2023.01.31"]
[Round "1"]
[White "Korobov, Anton"]
[Black "Martin Carmona, Gaston Manuel"]
[Result "1-0"]
[WhiteElo "2651"]
[BlackElo "2345"]
[PlyCount "59"]
[EventDate "2023.01.31"]
[EventType "swiss (blitz)"]
[EventRounds "11"]
[EventCountry "USA"]
[SourceTitle "CBM 212 Extra"]
[Source "ChessBase"]
[SourceDate "2023.03.31"]
[SourceVersion "1"]
[SourceVersionDate "2023.03.31"]
[SourceQuality "1"]

1. d4 Nf6 2. c4 g6 3. Nc3 Bg7 4. e4 d6 5. Be2 0-0 6. Bg5 h6 7. Be3 c5 8. d5 a6 9. a4 e6 10. Nf3 exd5 11. cxd5 Re8 12. Nd2 h5 13. h3 Nbd7 14. 0-0 b6 15. Qc2 Qc7 16. f4 Bb7 17. Bf2 Nxd5 18. exd5 Bxc3 19. Qxc3 Rxe2 20. Rae1 Rae8 21. Rxe2 Rxe2 22. Qd3 Re8 23. Ne4 b5 24. Re1 f5 25. Qg3 fxe4 26. Qxg6+ Kf8 27. Qh6+ Kg8 28. Re3 Kf7 29. Qh7+ Kf8 30. Rg3 1-0

[Event "Titled Tuesday intern op 17th Jan Early"]
[Site "Chess.com INT"]
[Date "2023.01.17"]
[Round "5"]
[White "Averjanov, Alexey"]
[Black "Martin Carmona, Gaston Manuel"]
[Result "1/2-1/2"]
[WhiteElo "2399"]
[BlackElo "2345"]
[PlyCount "50"]
[EventDate "2023.01.17"]
[EventType "swiss (blitz)"]
[EventRounds "11"]
[EventCountry "USA"]
[SourceTitle "CBM 212 Extra"]
[Source "ChessBase"]
[SourceDate "2023.03.31"]
[SourceVersion "1"]
[SourceVersionDate "2023.03.31"]
[SourceQuality "1"]

1. d4 Nf6 2. c4 g6 3. Nc3 Bg7 4. e4 d6 5. Be2 0-0 6. Nf3 e5 7. 0-0 Nc6 8. d5 Ne7 9. Ne1 Nd7 10. Be3 f5 11. f3 f4 12. Bf2 g5 13. a4 Rf6 14. a5 Rh6 15. g4 fxg3 16. hxg3 Nf6 17. c5 Bh3 18. Ng2 Qd7 19. g4 Ng6 20. cxd6 Bxg2 21. Kxg2 Nf4+ 22. Kg1 Nh3+ 23. Kg2 Nf4+ 24. Kg1 Nh3+ 25. Kg2 Nf4+ 1/2-1/2

[Event "Titled Tuesday intern op 17th Jan Early"]
[Site "Chess.com INT"]
[Date "2023.01.17"]
[Round "2"]
[White "Martin Carmona, Gaston Manuel"]
[Black "Cherniaiev, Tykhon"]
[Result "0-1"]
[WhiteElo "2345"]
[BlackElo "2330"]
[PlyCount "72"]
[EventDate "2023.01.17"]
[EventType "swiss (blitz)"]
[EventRounds "11"]
[EventCountry "USA"]
[SourceTitle "CBM 212 Extra"]
[Source "ChessBase"]
[SourceDate "2023.03.31"]
[SourceVersion "1"]
[SourceVersionDate "2023.03.31"]
[SourceQuality "1"]

1. e4 e5 2. Nf3 Nc6 3. Bc4 Nf6 4. d3 Bc5 5. c3 0-0 6. 0-0 d5 7. exd5 Nxd5 8. Re1 Be6 9. b4 Bb6 10. a4 a6 11. a5 Ba7 12. Nbd2 Nxc3 13. Qc2 Nd5 14. Ba3 Re8 15. Ne4 Ndxb4 16. Qb3 Nd5 17. Bc5 b6 18. axb6 Bxb6 19. Bxb6 cxb6 20. Neg5 b5 21. Nxe6 fxe6 22. Bxd5 exd5 23. Rac1 Qd6 24. Nd2 Nd4 25. Qa2 Rac8 26. Ne4 Qe6 27. Nc5 Qd6 28. Ne4 Qd7 29. Nc5 Qf7 30. Qxa6 Rf8 31. Qa2 Kh8 32. Rxe5 Ne6 33. Nb3 Nf4 34. Re3 Qg6 35. Rg3 Qe6 36. Kh1 Rxc1+ 0-1

[Event "Titled Tuesday intern op 17th Jan Early"]
[Site "Chess.com INT"]
[Date "2023.01.17"]
[Round "8"]
[White "Martin Carmona, Gaston Manuel"]
[Black "Devaev, Alexander"]
[Result "1-0"]
[WhiteElo "2345"]
[BlackElo "2325"]
[PlyCount "137"]
[EventDate "2023.01.17"]
[EventType "swiss (blitz)"]
[EventRounds "11"]
[EventCountry "USA"]
[SourceTitle "CBM 212 Extra"]
[Source "ChessBase"]
[SourceDate "2023.03.31"]
[SourceVersion "1"]
[SourceVersionDate "2023.03.31"]
[SourceQuality "1"]

1. Nf3 Nf6 2. d4 e6 3. c4 c5 4. e3 cxd4 5. exd4 d5 6. Nc3 Bb4 7. cxd5 Nxd5 8. Bd2 Nc6 9. Bd3 0-0 10. 0-0 Be7 11. a3 Bf6 12. Ne4 Nce7 13. Nxf6+ Nxf6 14. Bg5 Qd6 15. Ne5 Ng6 16. Nxg6 hxg6 17. Qf3 Qxd4 18. b4 Qd5 19. Qg3 Ne4 20. Bxe4 Qxe4 21. Rfe1 Qf5 22. Re5 Qc2 23. Re3 f6 24. Bf4 e5 25. Rc3 exf4 26. Qf3 Qf5 27. Rc5 Qg4 28. Qc3 Bf5 29. h3 Qg5 30. Re1 Rae8 31. Rc1 f3 32. Qxf3 Be4 33. Qb3+ Bd5 34. Rxd5 Qxc1+ 35. Rd1+ Kh7 36. Rxc1 Re7 37. Rf1 Rfe8 38. Qg3 b6 39. Qh4+ Kg8 40. Qg4 Kh7 41. h4 Re4 42. Qg3 R8e5 43. Rc1 Re1+ 44. Kh2 Rxc1 45. Qb3 Rce1 46. g3 R1e2 47. Kg2 Rf5 48. Qd3 Rfxf2+ 49. Kg1 Rd2 50. Qe3 Rg2+ 51. Kf1 Rh2 52. Kg1 Ra2 53. Qd3 Rhd2 54. Qb1 Rxa3 55. h5 Rxg3+ 56. Kf1 Rg5 57. hxg6+ Rxg6 58. b5 Rdg2 59. Qf5 Rg1+ 60. Ke2 R1g2+ 61. Kf1 R2g4 62. Qh5+ Kg8 63. Qd5+ Kf8 64. Qd8+ Kf7 65. Qd7+ Kg8 66. Qd5+ Kh7 67. Qh5+ Rh6 68. Qxg4 Rh1+ 69. Kf2 1-0